Name a Valid . . . (Survivor) - Statistics

General Stats
  • This quiz has been taken 90 times
  • The average score is 6 of 13
Answer Stats
Hint Answer % Correct
Country used for multiple seasons Fiji (15), Samoa (4), Nicaragua (4), Philippines (4), Panama (3), Brazil (2), Palau (2), Cambodia (2)
100%
Player to reach day 39 twice Amanda Kimmel, Russell Hantz, Sandra Diaz-Twine, Parvati Shallow, Rob Mariano, Tony Vlachos, Natalie Anderson, Michele Fitzgerald
60%
Unanimous Winner Earl Cole, JT Thomas, John Cochran, Jeremy Collins, Adam Klein
55%
Season with half returnees Micronesia, Caramoan, Blood vs Water
55%
Challenge Beast who also won the game Jenna Morasca, Tom Westman, Fabio Birza, Rob Mariano, Kim Spradlin, Mike Holloway
53%
Player who has been on the jury three times Rupert Boneham, Cirie Fields, Ozzy Lusth, Andrea Boehlke, Joe Anglim
48%
Player to play twice, yet never make the merge Francesca Hogi, Colton Cumbie, Caleb Reynolds
45%
Season where each of the Final 3 received at least 1 vote China, Philippines, San Juan del Sur, Worlds Apart, Heroes vs Healers vs Hustlers
44%
Challenge Beast (won at least 4 individual immunities) but didn't make Final Tribal Rafe Judkins, Terry Dietz, Joe Anglim, Rick Devens
44%
Pre-merge tribe that had been whittled down to 2 members or less Ulong, Matsing, Ua
41%
Played multiple times, yet never been voted out Michael Skupin, Jenna Morasca, Colton Cumbie, Michele Fitzgerald
38%
Starting tribe that is not Red, Orange, Yellow, Green, Blue, or Purple Koror (brown) Timbira (black), Bayon (pink)
29%
Female Player that beat a man in firemaking Stephenie LaGrossa, Carolyn Rivera, Heidi Lagares-Greenblatt
26%
No matching quizzes found
Score Distribution
Percent of People with Each Score
Percentile by Number Answered
Your Score History
You have not taken this quiz